1819 1386 1087 1084 1587 1939 1784 1222 1249 1141 1654 1863 1448 1260 1926 1413 1512 1395 1109 1056 1381 1839 1275 1457 1487 1137 1337 1228 1853 1554 1850 1524 1768 1960 1399 1573 1010 1945 1473 1810 1999 1100 1947 1121 1818 1578 1643 1028 1022 1287 1003 1201 1272 1300 1546 1706 1056 1882 1135 1802 1678 1621 1483 1732 1637 1926 1879 1655 1273 1897 1064 1364 1409 1123 1248 1498 1305 1247 1768 1292 1998 1044 1345 1027 1654 1438 1527 1839 1047 1481 1887 1222 1097 1980 1448 1269 1490 1321 1011 BCNSPRNW ULIB Ver.6.0+V

เปลี่ยนเป็นภาษาไทย

Change to English
 แสดงรายละเอียดบรรณานุกรม
  กลับหน้าหลัก

Brief Record : Get Marc (ISO 2709) : E-mail record : QR code < ปิดหน้าต่าง
LEADER : 00000nam 2200000uu 4500
001    13399114739
003     ULIB
008    110627s2550||||th 000 0 tha d
099    วจ.BF576^bพ172ค
100 0  พจนา ปิยะปกรณ์ชัย
245 00 ความฉลาดทางอารมณ์ของนักศึกษาพยาบาลในโครงการผลิตพยาบาลวิชาชีพเพิ่มเพื่อแก้ไขปัญหาภาคใต้ เครือข่ายวิทยาลัยภาคเหนือ สถาบันบรมราชชนก กระทรวงสาธารณสุข/^cพจนา ปิยะปกรณ์ชัย ,ชมนาด วรรณพรศิริ และนุศรา วิจิตรแก้ว
260    พิษณุโลก :^bวิทยาลัยพยาบาลบรมราชชนนี พุทธชินราช,^c2550
300    52 หน้า
650  7 วิทยาลัยพยาบาลบรมราชชนนี พุทธชินราช
650  7 ความฉลาดทางอารมณ์^xนักศึกษาพยาบาล^xวิจัย
700 0  ชมนาด วรรณพรศิริ
700 0  นุศรา วิจิตรแก้ว
710 1  วิทยาลัยพยาบาลบรมราชชนนี พุทธชินราช
945    ^p0^l0^i023569
995    ทศพร
999 ^a ใช้งานได้ทุกระบบ
รายการนี้ยังไม่มีแท็ก
คุณยังไม่ได้ล็อกอิน คุณสามารถมีกิจกรรมร่วมกับเว็บไซต์ได้ แต่ต้องล็อกอินก่อน ::
  ล็อกอิน

รายการสื่อสารสนเทศ

ลำดับที่ ประเภท เลขเรียก/บาร์โค้ด สถานที่ สถานะ
1. งานวิจัย
งานวิจัย
วจ.BF576 พ172ค ฉ.1 
  Barcode: 023569
ห้องสมุดวิทยาเขตสวรรค์ประชารักษ์
►วิจัย
บนชั้น

รายการใกล้เคียง
    ผู้แต่ง [พจนา ปิยะปกรณ์ชัย]

    หัวเรื่อง [วิทยาลัยพยาบาลบรมราชชนนี พุทธชินราช]

BibComment


ยังไม่เคยถูกคอมเมนท์

คอมเมนท์ทรัพยากรรายการนี้
  คอมเมนท์: ความฉลาดทางอารมณ์..


 Copyright 2026. Bcnsprnw @Library